书目信息 |
| 题名: |
英语姓名译名手册
|
|
| 作者: | 辛华 编 | |
| 分册: | ||
| 出版信息: | 北京 商务印书馆 1973.07 |
|
| 页数: | 442页 | |
| 开本: | 32开 | |
| 丛书名: | ||
| 单 册: | ||
| 中图分类: | H315.9-62 | |
| 科图分类: | ||
| 主题词: | 英语 | |
| 电子资源: | ||
| ISBN: | 7-100-00824-7 | |
| 000 | 00520nam0 2200181 45 | |
| 001 | 1930359820 | |
| 005 | 20190114082759.64 | |
| 010 | @a7-100-00824-7@dCNY0.97 | |
| 100 | @a20000919d1973 km y0chiy0120 ea | |
| 101 | 0 | @achi |
| 200 | 1 | @a英语姓名译名手册@AYing Yu Xing Ming Yi Ming Shou Ce@f辛华编@Fxin hua bian |
| 210 | @a北京@c商务印书馆@d1973.07 | |
| 215 | @a442页@d32开 | |
| 606 | 0 | @a英语 |
| 690 | @aH315.9-62@v3 | |
| 701 | 0 | @a辛华@Axin hua@4编 |
| 801 | @aCN@bPftUser@c20000919 | |
| 905 | @b149783-787@dH315.9-62@eX510@f5 | |
| 英语姓名译名手册/辛华编.-北京:商务印书馆,1973.07 |
| 442页;32开 |
| ISBN 7-100-00824-7:CNY0.97 |
| ● |
| 相关链接 |
|
|
|
正题名:英语姓名译名手册
索取号:H315.9-62/X510
 
预约/预借
| 序号 | 登录号 | 条形码 | 馆藏地/架位号 | 状态 | 备注 |
| 1 | 1301749 | 213017493 | 语言库209/209语言库 40排3列4层/ [索取号:H315.9-62/X510] | 在馆 |